00998nab a22001817a 4500003000400000005001700004008004100021040000700062100002200069245012700091260004200218300001100260500003100271505028600302505008900588650002300677773011600700OSt20250327121540.0190506c xxu||||| |||| 00| 0 spa d cPJ aAhuad, Ernesto J.10a¿Jugadores o trabajadores? Desafíos legales de los vínculos contractuales en el limbo metaversal /cErnesto J. Ahuad. aBuenos Aires :bAbeledoPerrot,c2025. ap. 3-8 aTR LALEY AR/DOC/3313/2024  aSumario: I. Introducción.— II. Economía, relaciones laborales y metaversos.— III. Los mecenazgos en el play to earn.— IV. Teorizando sobre la naturaleza de la relación.— V. Gremios de criptogamers y contratos inteligentes.— VI. Conclusión.— VII. Bibliografía. t¿Te interesa el texto completo? Comunicate al correo: koha@justierradelfuego.gov.ar 0aDERECHO EN GENERAL0 02751dBuenos Aires : AbeledoPerrot, 2013-tRevista de derecho laboral y seguridad social. Nº 3 - Febrero 2025